Szczegóły MARC21

Mediacje gospodarcze /

003 -Nazwa inst., której nr kontr. jest w polu 001 [,]
    • @
    • Nazwa instytucji, której n kontrolny jest w polu 001
    • NUKAT
005 -DATA I CZAS OSTATNIEJ MODYFIKACJI [,]
    • @
    • pole kontrolne
    • 20241231085225.0
020 -Międzynarod. znormalizowany nr książki - ISBN [ , ]
    • a
    • Numer ISBN
    • 9788361872252 Find
040 -Instytucja sporządzająca opis [ , ]
    • a
    • Instytucja, która sporządziła opis (NP)
    • GD U/AEK
    • c
    • Instytucja, która sporządziła rekord (NP)
    • GD U/AEKs
942 -Rodzaj dokumentu [ , ]
    • c
    • Rodzaj dokumentu
    • Książka
245 -Strefa tytułu i oznaczenia odpowiedzialności [0,0]
    • a
    • Tytuł
    • Mediacje gospodarcze / Find
    • c
    • Pozostałe elementy strefy tytułu i oznaczenia odpowiedzialności (NP)
    • pod red. Aleksandra Binsztoka.
260 -Strefa adresu wydawniczego [ , ]
    • a
    • Miejsce wydania (P)
    • Wrocław :
    • b
    • Nazwa wydawcy (P)
    • Wydawnictwo Marina,
    • c
    • Data wydania (P)
    • cop. 2015.
300 -Strefa opisu fizycznego [ , ]
    • a
    • Określenie formy książki i/lub objętość (NP)
    • 249, [2] s. ;
    • c
    • Format (NP)
    • 24 cm.
336 -Typ zawartości [ , ]
    • a
    • Termin opisujący typ zawartości
    • Tekst
    • b
    • Kod określający zawartość
    • txt
    • 2
    • Źródło (terminu i kodu)
    • rdacontent
337 -Typ mediów [ , ]
    • a
    • Tryb odtwarzania
    • Bez urządzenia pośredniczącego
    • b
    • Kod typu mediów
    • n
    • 2
    • Źródło (terminu i kodu)
    • rdamedia
338 -Typ/rodzaj nośnika [ , ]
    • a
    • Hasło opisujące typ nośnika
    • Wolumin
    • b
    • Kod typu nośnika
    • nc
    • 2
    • Źródło (terminu i kodu)
    • rdacarrier
080 -Uniwersalna Klasyfikacja Dziesiętna [ , ]
    • 2
    • Identyfikator wydania tablic
    • UDC-P058
    • 9
    • UKD
    • 2193
    • a
    • Symbol klasyfikacji
    • 005.574
    • b
    • Dopowiedzenie
    • Zarządzanie. Mediacje. Rozwiązywanie konfliktów. Negocjacje. Taktyka negocjacji.
080 -Uniwersalna Klasyfikacja Dziesiętna [ , ]
    • 2
    • Identyfikator wydania tablic
    • UDC-P058
    • 9
    • UKD
    • 3519
    • a
    • Symbol klasyfikacji
    • 346.9
    • b
    • Dopowiedzenie
    • Wprowadzanie prawa gospodarczego. Sankcje. Nadzór. Spory gospodarcze. Układy. Ochrona prawna. Arbitraż gospodarczy.
080 -Uniwersalna Klasyfikacja Dziesiętna [ , ]
    • 2
    • Identyfikator wydania tablic
    • UDC-P058
    • 9
    • UKD
    • 2821
    • a
    • Symbol klasyfikacji
    • 316.48
    • b
    • Dopowiedzenie
    • Konflikt społeczny. Socjologia konfliktu. Konflikt klasowy. Konflikt rasowy. Konflikt ról. Protest. Terror. Sposoby regulowania konfliktu. Rozwiązywanie konfliktu.
080 -Uniwersalna Klasyfikacja Dziesiętna [ , ]
    • 2
    • Identyfikator wydania tablic
    • UDC-P058
    • 9
    • UKD
    • 3566
    • a
    • Symbol klasyfikacji
    • 347.736/.739
    • b
    • Dopowiedzenie
    • Upadłość. Zawieszenie wypłat. Niewypłacalność. Bankructwo. Likwidacja. Prawo układowe.
650 -Hasło przedmiotowe [ ,7]
    • a
    • Hasło przedmiotowe
    • Mediacja.
    • 2
    • Źródło terminu
    • kaba
    • 9
    • KHW
    • 118825
650 -Hasło przedmiotowe [ ,7]
    • a
    • Hasło przedmiotowe
    • Mediacja
    • x
    • Określnik rzeczowy
    • aspekt psychologiczny.
    • 2
    • Źródło terminu
    • kaba
    • 9
    • KHW
    • 384001
650 -Hasło przedmiotowe [ ,7]
    • a
    • Hasło przedmiotowe
    • Mediacja
    • x
    • Określnik rzeczowy
    • prawo.
    • 2
    • Źródło terminu
    • kaba
    • 9
    • KHW
    • 379638
980 -Symbol UKD [ , ]
    • a
    • UKD
    • 005.574:346.9:316.48:347.736/.739
700 -Hasło dodatkowe - nazwa osobowa [1, ]
    • a
    • Nazwa osobowa (NP)
    • Binsztok, Aleksander. Find
    • e
    • Określenie rodzaju współpracy
    • Red.
    • 9
    • KHW
    • 70176
710 -Hasło dodatkowe - nazwa ciała zbiorowego [2, ]
    • a
    • Nazwa ciała zbiorowego lub nazwa geograficzna jako pierwszy element (NP)
    • Wydawnictwo Marina.
    • 4
    • Kod relacji
    • pbl
    • 9
    • KHW
    • 70186
920 -ISBN [ , ]
    • a
    • ISBN
    • 978-83-61872-25-2 Find
Lokalizacja Data inwentaryzacji Numer inwentarzowy Status udost.
BE2017-12-22E.77973-2
BG2014-12-23Z.1193781
BG2014-12-23WM.16912-3
BG2014-12-23WM.16913-3